00265nam a22000857a 4500008004100000082001300041100002900054245008800083300000800171230605b xxu||||| |||| 00| 0 eng d a330bCBK cDirector of research CBK aCentral bank of kenyacEconomic Report For the Financial Year ended 30th June, 1993 a57P